Ч. 1; Навигационные или мореходные исследования
| Parent link: | Навигационные или мореходные исследования/ сочинены господином Безу; с французского подлинника на российский язык переведены и дополнены Семеном Гурьевым. Ч. 1.— , 1790-1791 |
|---|---|
| Samenvatting: | Текст в русской дореформенной орфографии На дом не выдается Not_Home |
| Taal: | Russisch |
| Gepubliceerd in: |
1790
|
| Onderwerpen: | |
| Formaat: | Boek |
| KOHA link: | https://koha.lib.tpu.ru/cgi-bin/koha/opac-detail.pl?biblionumber=359798 |
MARC
| LEADER | 00000nam2a2200000 4500 | ||
|---|---|---|---|
| 001 | 359798 | ||
| 005 | 20231102011223.0 | ||
| 035 | |a (RuTPU)RU\TPU\retro\17103 | ||
| 090 | |a 359798 | ||
| 100 | |a 20210114d1790 k y0rusy50 ca | ||
| 101 | 1 | |a rus |c fre | |
| 102 | |a RU | ||
| 105 | |a abd z 000zy | ||
| 140 | |a ajk ezz yyybb0000 | ||
| 141 | |5 63413507 |a bf u0cc | ||
| 200 | 0 | |a Ч. 1 | |
| 210 | |d 1790 | ||
| 215 | |a [8], XIV, [2], 311 с. |c 20 л. черт. | ||
| 300 | |a Текст в русской дореформенной орфографии | ||
| 300 | |a На дом не выдается | ||
| 316 | |5 63413507: 9//421 |a Владельческий переплет ТТИ | ||
| 316 | |5 63413507: 9//421 |a На форзаце экслибрис Библиотеки ТТИ | ||
| 320 | |a Примечания | ||
| 371 | 0 | |a Not_Home | |
| 461 | 1 | |0 (RuTPU)RU\TPU\retro\17101 |t Навигационные или мореходные исследования |f сочинены господином Безу |g с французского подлинника на российский язык переведены и дополнены Семеном Гурьевым |v Ч. 1 |d 1790-1791 | |
| 516 | 1 | |a Мореходные исследования | |
| 606 | 1 | |a Навигация |2 stltpush |3 (RuTPU)RU\TPU\subj\44700 |9 63980 | |
| 610 | 1 | |a книжные памятники | |
| 610 | 1 | |a владельческие знаки | |
| 610 | 1 | |a тригонометрия | |
| 610 | 1 | |a формулы | |
| 610 | 1 | |a сферическая геометрия | |
| 610 | 1 | |a картография | |
| 610 | 1 | |a навигационные методы | |
| 610 | 1 | |a навигационные измерения | |
| 610 | 1 | |a навигационные задачи | |
| 610 | 1 | |a астрономия | |
| 610 | 1 | |a астроориентация | |
| 610 | 1 | |a астроориентиры | |
| 610 | 1 | |a мореплавания | |
| 675 | |a 656.6 |v 4 | ||
| 801 | 1 | |a RU |b 63413507 |c 20210114 | |
| 801 | 2 | |a RU |b 63413507 |c 20210701 |g RCR | |
| 942 | |c BK | ||